Shaw and another v Sequence (UK) Ltd (Record no. 74709)
[ view plain ]
| 000 -LEADER | |
|---|---|
| fixed length control field | 01797cab a2200217 4500 |
| 001 - CONTROL NUMBER | |
| control field | ABS68667 |
| 008 - FIXED-LENGTH DATA ELEMENTS--GENERAL INFORMATION | |
| fixed length control field | 050112n2004 000 0 eng u |
| 035 ## - SYSTEM CONTROL NUMBER | |
| System control number | (Sirsi) u128493 |
| 245 ## - TITLE STATEMENT | |
| Title | Shaw and another v Sequence (UK) Ltd |
| 260 ## - PUBLICATION, DISTRIBUTION, ETC. | |
| Date of publication, distribution, etc. | 2004 |
| 490 ## - SERIES STATEMENT | |
| Series statement | Estates Gazette |
| Volume/sequential designation | [2004] 48 EG 133 (CS) |
| 520 ## - SUMMARY, ETC. | |
| Summary, etc. | QBD, 12 November 2004. Claimants (Sh) had entered into a six-week sole agency agreement with defendant estate agent firm (S) to sell their detached property. G, an employee of S, maintained falsely that an offer had been made although no offer had been received by the end of the agreement period. Sh withdrew their unsold property from the market two months later and brought an action against S alleging breach of contract, negligence and fraudulent misrepresentation. Damages for fraudulent misrepresentation were granted, the amount depending mainly on whether, but for the fraud, S would have exchanged contracts before the property was withdrawn from the market. "Held" claim allowed in part. Many of the problems in the case stemmed from a failure to understand the nature of contracts with estate agents. These are not employment contracts in the ordinary sense but merely promises binding the principal to pay money upon the occurrence of a certain event involving the rendering of some service by the estate agent. The claim for damages based on a reduction in the equity in the property was unsustainable but the claimants were entitled to modest general damages for worry, strain and inconvenience. |
| 590 ## - LOCAL NOTE (RLIN) | |
| Local note | ABS |
| 650 ## - SUBJECT ADDED ENTRY--TOPICAL TERM | |
| Topical term or geographic name entry element | SHAW AND ANOTHER V SEQUENCE (UK) LTD |
| 650 ## - SUBJECT ADDED ENTRY--TOPICAL TERM | |
| Topical term or geographic name entry element | ESTATE AGENTS |
| 650 ## - SUBJECT ADDED ENTRY--TOPICAL TERM | |
| Topical term or geographic name entry element | SOLE AGENCY |
| 650 ## - SUBJECT ADDED ENTRY--TOPICAL TERM | |
| Topical term or geographic name entry element | NEGLIGENCE |
| 650 ## - SUBJECT ADDED ENTRY--TOPICAL TERM | |
| Topical term or geographic name entry element | BREACH OF CONTRACT |
| 690 ## - LOCAL SUBJECT ADDED ENTRY--TOPICAL TERM (OCLC, RLIN) | |
| Topical term or geographic name as entry element | MANAGEMENT-BUSINESS MANAGEMENT-PROFESSIONAL PRACTICE |
| 942 ## - ADDED ENTRY ELEMENTS (KOHA) | |
| Suppress in OPAC | 0 |
| Withdrawn status | Lost status | Source of classification or shelving scheme | Damaged status | Not for loan | Home library | Current library | Shelving location | Date acquired | Total Checkouts | Full call number | Barcode | Date last seen | Copy number | Price effective from | Koha item type |
|---|---|---|---|---|---|---|---|---|---|---|---|---|---|---|---|
| Dewey Decimal Classification | London | London | Journal article | 12/01/2005 | ABS68667 | 128493-1001 | 06/08/2019 | 1 | 06/08/2019 | Law report |